000
00260nam a22001217a 4500
008
180103b xxu||||| |||| 00| 0 eng d
041
_a
eng
080
_a
33
100
_a
52
101
_a
EKO
245
_a
THE ESSENCE OF STIGLER
_c
LEUBE,K.R
942
_2
udc
_c
BK
999
_c
39607
_d
39607